zpět

Detail výsledku týmu

Dno pytle - Vinohrady, Praha

Datum a čas kvízu

25 Celkem bodů Celkový počet nahraných bodů na tomto kvízu bez doplňovacích otázek.
7. Pořadí na kvízu Konečné umístění týmu na tomto kvízu.

Zaznamenané odpovědi

# Otázka Odpověď Body Výsledky
1. Jedenáct klavírů a pian českéh... Karel Komárek 1
2. V britském městě Ipswich pojme... Ivan Blatný 0
3. Minulý týden jsme se dozvěděli... Christopher Lambert 0
4. Ve Francii se během celostátní... rtěnka 1
5. Bývalá úspěšná biatlonistka a... badminton 1
6. Nobelova cena je od roku 1901... ekonomie 0
7. Pouze dvěma Čechům v historii... Jaroslav Heyrovský, Jaroslav Seifert 0.5
8. V roce 1954 obdržel Nobelovu c... Ernest Hemingway, Stařec a moře 0
9. Přiřaďte laureáty Nobelových c... 1C 2B 3A 4D 0
10. Vyberte nepravdivé tvrzení o p... C 0